000 00981nam a2200265 a 4500
001 000087357
003 AM-YEHGA
005 20250617122001.0
008 950720s1984 ru |||||||||||||||||rus d
040 _aAM-YeHGA
041 0 _arus
100 1 _aГордон, Ричард
245 1 0 _aДоктор :
_bАдаптировано /
_cР. Гордон ; [Введ., обраб. текста, коммент. и слов. Э.И. Ушаковой].
246 3 5 _aDoctor at large
250 _a3-е изд., испр.
260 _aМосква :
_bВысш. шк,
_c1984.
300 _a96 с. ;
_c20 см.
440 0 _aУчебное пособие для начального чтения
500 _aТекст : англ.
500 _aGordon, R. Doctor at large
650 1 4 _aАнглийский язык - Хрестоматия
700 1 _aУшакова, Э.И.
_eавт. введ.
_eавт. коммент.
_4aui
_4cmm
942 _2udc
_cBK
090 _c27956
999 _c27610
_d27610